Movies Quiz

Random Movies or Oscar Quiz

Jack Nicholson's Oscar Nominations Quiz Stats

 Plays Quiz Updated Jul 16, 2019

Score 0/12 Timer 04:00
1 Play Today
Year nominated/
Category / Result
Picture % Correct
1976 / Actor / wonOne Flew Over The Cuckoo's Nest
85.3%
1998 / Actor / wonAs Good As It Gets
80.4%
1993 / Supporting Actor / lostA Few Good Men
56.3%
1975 / Actor / lostChinatown
54.6%
1984 / Supporting Actor / wonTerms Of Endearment
53.8%
1970 / Supporting / lostEasy Rider
50%
2003 / Actor / lostAbout Schmidt
46.4%
1971 / Actor / lostFive Easy Pieces
35.6%
1986 / Actor / lostPrizzi's Honor
23.4%
1982 / Supporting Actor / lostReds
19.2%
1974 / Actor / lostThe Last Detail
18.1%
1988 / Actor / lostIronweed
16.9%

You're not logged in!

Compare scores with friends on all Sporcle quizzes.
OR
Log In

Sporcle TV

Today on Sporcle TV


Watch our educational content, quiz creation guides, and fun videos on Sporcle TV.

Show Comments

Extras

Top Quizzes Today


Score Distribution

Your Account Isn't Verified!

In order to create a playlist on Sporcle, you need to verify the email address you used during registration. Go to your Sporcle Settings to finish the process.

Report this User

Report this user for behavior that violates our Community Guidelines.

Details: